Responses for show #5706 - Monday, June 1, 2009

Justin Bernbach game 8.

Contestants

Sara Doran, an attorney from Chicago, Illinois

Steven Engelfried, a children's librarian from Hillsboro, Oregon

Justin Bernbach, a lobbyist from Brooklyn, New York (whose 7-day cash winnings total $155,001)

Jeopardy! Round responses

A RIVER RUNS THROUGH IT
CELEBRITY ANECDOTES
HIDDEN AGENDA
YOU ARE VERY SUBTRACTIVE
MMM...DONUTS
"I" OPENERS
    $200 12
the Potomac

Justin
    $200 16
Sarah Palin

Justin
    $200 21
[NOTE: Each clue in this category contains hidden within it the consecutive letters A-G-E-N-D-A. Alex did not comment on this during the show.]

South Dakota & North Dakota

Sara
    $200 1
64

Steven
    $200 5
Krispy Kreme

Sara
    $200 3
an invertebrate

Sara
    $400 13
the Nile

Steven
    $400 18
Kevin Bacon

Sara
    $400 22
it

Justin
    $400 2
37

Sara
    $400 20
Dunkin' Donuts

Justin
    $400 4
immunity

Steven
    $600 14
the Seine

Justin
    $600 19
Rick Springfield

Sara
    $600 23
police officer

Steven
    $600 7
192

Steven
    $600 26
LAX

Justin
    $600 6
innocent

Justin
    $800 15
the Missouri

Steven
    $800 29
Harry Connick, Jr.

Justin
    $800 24
Israel

Sara
    $800 8
102

Steven
    $800 27
The Simpsons Movie

Justin
    $1,000 10
the Iliad

Steven
    $1000 17
(Steven: What is... the Schlitz?)

the Amstel

Steven
Triple Stumper
    $1000 30
Shia LaBeouf

Justin
    $1000 25
a gerund

Sara
    $1000 9
the subtrahend

Triple Stumper
    $1000 28
Washington Irving

Triple Stumper
    $1000 11
ich

Justin

Scores at the first commercial break (after clue 15):

Justin Steven Sara
$2,400 $4,200 $800

Scores at the end of the Jeopardy! Round:

Justin Steven Sara
$6,600 $3,800 $3,800

Double Jeopardy! Round responses

OBAMA'S CABINET
TV NAME DROPPERS
ABBREVIATED LINES OF POETRY
ART
"STUPID" ANSWERS
FAO SCHWARZ
(Sarah: ...the famous New York City toy store where you become 6 years old, no matter what age you are.)
    $400 2
Hillary Clinton

Sara
    $400 1
Raymond

Justin
    $400 9
Let me count the ways

Justin
    $400 16
the Renaissance

Steven
    $400 17
keep it simple, stupid

Steven
    $400 24
Muppets

Justin
    $800 3
(Robert) Gates

Sara
    $800 7
Jim

Justin
    $800 11
Quoth the raven, "Nevermore"

Justin
    $800 22
Australia

Steven
    $800 18
stupid questions

Steven
    $800 25
(Alex: She got to do that, and I didn't.)
(Sara: Not fair.)
(Alex: I am ticked.)

Big

Sara
    $2,000 4
Eric Holder

Sara
    $1200 8
Charles

Steven
    $1200 13
talking of Michelangelo

Steven
    $1200 23
black

Triple Stumper
    $1200 19
I'm with Stupid

Justin
    $1200 26
Danish

Sara
    $1600 5
(Janet) Napolitano

Justin
    $1600 10
Amy

Sara
    $1600 14
by the shining big-sea-water

Sara
    $1600 29
(Diane) Arbus

Justin
    $4,000 20
It's the economy, stupid

Justin
    $1600 27
the Sorting Hat

Sara
    $2000 6
(Timothy) Geithner

Sara
    $2000 12
Jon & Kate

Sara
    $2000 15
I am the captain of my soul

Triple Stumper
    $2000 30
(Alexander) Calder

Steven
    $2000 21
"Somethin' Stupid"

Steven
    $2000 28
Steiff

Sara

Scores at the end of the Double Jeopardy! Round:

Justin Steven Sara
$17,800 $12,600 $19,800

[wagering suggestions for these scores]

Final Jeopardy! Round responses

CARTOON SCIENCE
(Alex: How many times did we see Wile E. Coyote off the edge of the cliff and those eyes bugging out before he hit the ground?)

[Blooper reel]
StevenWhat is gravity?
$7,300
JustinWhat is gravity?
$7,500
SaraWhat is gravity?
$19,000
gravity

Final scores:

Justin Steven Sara
$25,300 $19,900 $38,800
2nd place: $2,000 3rd place: $1,000 New champion: $38,800

Game dynamics:

Coryat scores:

Justin Steven Sara
$15,400 $12,400 $19,000
20 R
(including 1 DD),
0 W
16 R
(including 1 DD),
1 W
19 R
(including 1 DD),
0 W

Combined Coryat: $46,800

The J! Archive is created by fans, for fans. The Jeopardy! game show and all elements thereof, including but not limited to copyright and trademark thereto, are the property of Jeopardy Productions, Inc. and are protected under law. This website is not affiliated with, sponsored by, or operated by Jeopardy Productions, Inc. Join the discussion at JBoard.tv.